Loading...
| Social Science | 0 | 2 | 1 | 0 | 15 | 93 | 109.00 | 0 | 1 |
| History - American History | 0 | 1 | 0 | 0 | 10 | 64 | 64.00 | 0 | 1 |
| Literature - European Literature | 0 | 1 | 0 | 0 | 10 | 84 | 84.00 | 0 | 1 |
| Pop Culture | 0 | 1 | 0 | 0 | 10 | 77 | 77.00 | 0 | 1 |
| Fine Arts - Other Fine Arts | 0 | 1 | 1 | 1 | 5 | 132 | 132.00 | 0 | 0 |
| Science - Biology | 0 | 0 | 0 | 0 | 0 | 0.00 | 0 | 0 | |
| Science - Other Science | 0 | 1 | 2 | 0 | 0 | 125 | 125.00 | 0 | 0 |
| Literature - American Literature | 0 | 0 | 0 | 0 | 0 | 0.00 | 0 | 0 | |
| Geography | 0 | 0 | 1 | 0 | -5 | 0.00 | 0 | 0 | |
| Literature - British Literature | 0 | 0 | 1 | 0 | -5 | 0.00 | 0 | 0 | |
| Literature - World Literature | 0 | 0 | 2 | 0 | -10 | 0.00 | 0 | 0 |